| 000 | 00346nam a22001337a 4500 | ||
|---|---|---|---|
| 008 | 181025b xxu||||| |||| 00| 0 eng d | ||
| 020 | _a9781588265388 | ||
| 041 | _aeng | ||
| 080 |
_23 ED _a316 |
||
| 100 | _a50 | ||
| 101 | _aSOC | ||
| 245 |
_aUnderstanding Development Theory And Practice IN The Third World _cRapley.J |
||
| 942 |
_2udc _cBK |
||
| 999 |
_c50923 _d50923 |
||